000 00853nam a2200229Ia 4500
005 20241129111346.0
008 241129s9999||||xx |||||||||||||| ||und||
020 _a978-81-955846-2-8
037 _aTB
040 _aCRL
_bhin
_cCRL
041 _ahin
_2hin
084 _aR672,5x2,1 152R2
_qCRL
100 _aरामानुज, ले.
245 0 _aब्रह्मसूत्रश्रीभाष्यचतुःसूत्री
_cरामानुज, ले.
260 _aदिल्ली, भारत
_bयू ए फाउण्डेशन फॉर इण्डोलॉजिकल स्टडीज
_c2022
300 _a546पृ0
365 _aINR
_b3000
546 _aTranslated from Sanskrit to Hindi
650 _aIndian Philosophy
942 _cTB
_hR672,5x2,1 152R2
999 _c1230097
_d1230097